| 000 | 00440nam a2200181Ia 4500 | ||
|---|---|---|---|
| 001 | 3650 | ||
| 005 | 20260306145659.0 | ||
| 008 | 260306t2017||||xx |||||||||||||| ||spa|| | ||
| 041 | _aESP | ||
| 082 |
_a301 _bG363 |
||
| 100 |
_aGoffman, Erving _eAUT |
||
| 245 | 0 | _aLa presentación de la persona en la vida cotidiana | |
| 260 | _c2017 | ||
| 300 |
_a285 pƔginas : _c19 cm. |
||
| 650 | _aGEN | ||
| 654 | _aCHU | ||
| 942 |
_cLIB _dJUS _fJUS _2ddc _n |
||
| 999 |
_c3650 _d3650 |
||